000 00751nam a2200277 a 4500
001 22802
003 SK-KTurca
005 20260428083626.0
008 960725s1994 xo 000 1 slo c
020 _a808535229X (viaz.)
035 _aUKB000185672
040 _aBAA001
_bslo
_cBAA001
_eAACR2
041 1 _aslo
_heng
044 _axo
_cSK
080 _a820(73)-311.4
100 1 _aCollins, Jackie,
_d1937-2015
245 0 0 _aŽrebec
_cJackie Collins ; Z angl. orig. prel. Ladislav Mihálik
250 _a1. vyd.
260 _aBratislava
_bRemedium
_c1994
300 _a249 s.
650 0 7 _aliteratúra americká
650 0 7 _aromány spoločenské
653 _a820(73)-311.4
700 1 _aMihálik, Ladislav
_4trl
942 _2ddc
_cKLDO
_n0
999 _c22802
_d22802